书目信息 |
| 题名: |
红尘陷落
|
|
| 作者: | 小叶秀子 著 | |
| 分册: | ||
| 出版信息: | 广州 花城出版社 1998.08 |
|
| 页数: | 420页 | |
| 开本: | 21cm | |
| 丛书名: | ||
| 单 册: | ||
| 中图分类: | I247.57 | |
| 科图分类: | ||
| 主题词: | 长篇小说--中国--当代 | |
| 电子资源: | ||
| ISBN: | 7-5360-2812-1 | |
| 000 | 00921nam0 2200265 4500 | |
| 001 | 192004004034 | |
| 005 | 20070914112654.87 | |
| 010 | @a7-5360-2812-1@dCNY19.00 | |
| 100 | @a20070602d1998 ekmy0chiy0121 ea | |
| 101 | 0 | @achi |
| 102 | @aCN@b440000 | |
| 105 | @ay z 000ay | |
| 200 | 1 | @a红尘陷落@Ahong chen xian luo@e第三次离婚浪潮@f小叶秀子著 |
| 210 | @a广州@c花城出版社@d1998.08 | |
| 215 | @a420页@d21cm | |
| 300 | @a其他题名:第三次离婚浪潮 | |
| 300 | @a并列题名:The breakdown of families | |
| 330 | @a本书是一部深入探讨婚姻问题的书,讲述了许多现代婚恋故事中曲径通幽又刻骨铭心的情感经历,讲述着“爱总是一段残缺的体验”。本书适合文学爱好者阅读。 | |
| 510 | 1 | @aThe breakdown of families@zeng |
| 517 | 1 | @a第三次离婚浪潮@Adi san ci li hun lang chao |
| 606 | 0 | @a长篇小说@y中国@z当代 |
| 690 | @aI247.57@v4 | |
| 701 | 0 | @a小叶秀子@Axiao xie xiu zi@4著 |
| 801 | 0 | @aCN@c20070914 |
| 905 | @dI247.57@eX388 | |
| 红尘陷落:第三次离婚浪潮/小叶秀子著.-广州:花城出版社,1998.08 |
| 420页;21cm |
| 其他题名:第三次离婚浪潮.-并列题名:The breakdown of families |
| ISBN 7-5360-2812-1:CNY19.00 |
| 本书是一部深入探讨婚姻问题的书,讲述了许多现代婚恋故事中曲径通幽又刻骨铭心的情感经历,讲述着“爱总是一段残缺的体验”。本书适合文学爱好者阅读。 |
| ● |
| 相关链接 |
|
|
|
正题名:红尘陷落
索取号:I247.57/X388
 
预约/预借
| 序号 | 登录号 | 条形码 | 馆藏地/架位号 | 状态 | 备注 |
| 1 | 616310 | 206163104 | 社科二线400B/400B社科库 21排1列4层/ [索取号:I247.57/X388] | 在馆 | |
| 2 | 616311 | 206163113 | 自科二线404/108文学库 53排3列3层/ [索取号:I247.57/X388] | 在馆 | |
| 3 | 616312 | 206163122 | 自科二线404/108文学库 53排3列3层/ [索取号:I247.57/X388] | 在馆 |